| 000 | 00723nam#a22002895ar4500 | ||
|---|---|---|---|
| 001 | 248 | ||
| 008 | 060427s2005####ag#a###d|#####001#||spa|d | ||
| 245 | 1 | 0 |
_aGeografía general / _cCelia Bertone De Daguerre. |
| 250 | _a1ª ed. | ||
| 260 |
_aBuenos Aires : _bKapelusz, _c2005. |
||
| 300 |
_a303 p. : _bil. ; _c22 cm. |
||
| 020 | _a9501309304 | ||
| 100 | 1 | _aBertone De Dagurre, Celia V. | |
| 700 | 1 | _aLara, Albina L. | |
| 700 | 1 | _aSassone, Susana María. | |
| 080 | _a911 | ||
| 084 | _aB39-D25 | ||
| 653 | _aGeografía | ||
| 653 | _aMedio Natural | ||
| 653 | _aTierra | ||
| 653 | _aSuperficie | ||
| 653 | _aDesiertos | ||
| 040 |
_aAR-ClEAG _cAR-ClEAG |
||
| 005 | 20241107184629.0 | ||
| 003 | AR-ClEAG | ||
| 942 | _cBK | ||
| 999 |
_c248 _d248 |
||
| 980 |
_62 _aEvangelina Gallicchio _82 _gEvangelina Gallicchio |
||